John Kiriakou Quiz - Statistics

General Stats
  • This quiz has been taken 23 times
    19 since last reset
  • The average score is 11 of 16
Answer Stats
Hint Answer % Correct
U.S. intelligence agency John Kiriakou worked for CIA
100%
Interrogation technique he publicly confirmed the CIA used Waterboarding
94%
Year John Kiriakou joined the CIA 1990
88%
Another language that he speaks Arabic
88%
Year he publicly discussed CIA interrogation practices on television 2007
82%
Language other than English that he speaks Greek
82%
He has Dual citizenship, USA and what other country? Greece
76%
What did he say was shoved up a humans rectum? Hummus
76%
Who did they kill when they fired 47 Cruise Missiles into Baghdad Janitor
76%
Country where he was involved in counterterrorism operations after 9/11 Pakistan
76%
U.S. president during the time the interrogation program was active after 9/11 George W. Bush
71%
General term used to describe someone who exposes government wrongdoing Whistleblower
71%
U.S. state where he was born Pennsylvania
59%
Where did he get recruited to join the CIA? George Washington University
53%
Terrorism suspect whose capture Kiriakou was involved in early in the War on Terror Abu Zubaydah
29%
Length of his prison sentence 30 months
18%
No matching quizzes found
Score Distribution
Percent of People with Each Score
Percentile by Number Answered
Your Score History
You have not taken this quiz since the last reset